000
00219nam a2200097Ia 4500
008
190216s9999||||xx |||||||||||||| ||und||
100
_a
Vaikam Muhammed Basheer
245
0
_a
Neerum Nunayum
260
_b
Null
942
_c
BK
999
_c
24818
_d
24818